000 01041nas a2200337 4500
001 BR0604491
003 BR-BrBNA
005 20231205110419.0
007 ta
008 230509b bl.|||p| |||| 00| 00por d
040 _aBR-BrBNA
_bpor
_cBiblioteca Nacional de Agricultura
041 _a(Pt)
072 _aQ04
100 1 _aFuruya, W.M.
100 1 _aHayashi, C.
100 1 _aSilva, A.B.M. da
100 1 _aSantos Júnior, O. de O.
100 1 _aSouza, N.E. de
100 1 _aMatsushita, M.
100 1 _aVisentainer, J.V.
245 1 _aComposição centesimal e perfil de ácidos graxos do camarão-d'água-doce
650 _aCAMARÃO CANELA
650 _aMACROBRACHIUM AMAZONICUM
650 _aÁCIDO GRAXO
650 _aCOMPOSIÇÃO DE ALIMENTO
650 _aVALOR NUTRITIVO
650 _aANÁLISE DE ALIMENTO
773 0 _tRevista Brasileira de Zootecnia (Brazil)
_xISSN 1516-3598
_g(Jul-Aug 2006), v. 35(4)Suplemento p. 1577-1580
_wBR0604491
909 _a202311
_bLúcia
_c55
_dLúcia Elande
942 _2AGRIS
_n0
_cANA
999 _c187298
_d187298